| 000 | 00455nam a22001697a 4500 | ||
|---|---|---|---|
| 999 |
_c22387 _d22387 |
||
| 003 | BDDh-ASL | ||
| 005 | 20231015030127.0 | ||
| 008 | 210227s1991 ii ||||| |||| 00| 0 eng d | ||
| 040 |
_aBDDh-ASL _cBDDh-ASL |
||
| 082 |
_a954.306 _bBAI |
||
| 100 | 1 |
_93211 _aBandyopadhyay, Pranab |
|
| 245 | 1 | _aIndian Culture and Heritage / | |
| 260 |
_aCalcutta: _bBook Club, _c1991. |
||
| 300 |
_a90 p. : _c22 cm. |
||
| 651 | 0 |
_9722 _aIndia _xCulture |
|
| 942 |
_2ddc _cBK |
||